<?xml version="1.0" encoding="UTF-8"?>
<record
    xmlns:xsi="http://www.w3.org/2001/XMLSchema-instance"
    xsi:schemaLocation="http://www.loc.gov/MARC21/slim http://www.loc.gov/standards/marcxml/schema/MARC21slim.xsd"
    xmlns="http://www.loc.gov/MARC21/slim">

  <leader>00683nam a2200205Ia 4500</leader>
  <controlfield tag="003">GCL</controlfield>
  <controlfield tag="005">20240530095250.0</controlfield>
  <controlfield tag="008">140319s9999    xx            000 0 ara d</controlfield>
  <datafield tag="040" ind1=" " ind2=" ">
    <subfield code="a">GCL / </subfield>
    <subfield code="c">GCL</subfield>
  </datafield>
  <datafield tag="082" ind1="0" ind2="4">
    <subfield code="a">962.02</subfield>
    <subfield code="b">&#x642;/&#x644; &#x643;</subfield>
  </datafield>
  <datafield tag="100" ind1="1" ind2=" ">
    <subfield code="a">&#x644;&#x648;&#x631;&#x646;&#x633;&#x60C; &#x647;&#x646;&#x631;&#x649;</subfield>
  </datafield>
  <datafield tag="245" ind1="1" ind2="0">
    <subfield code="a">&#x643;&#x644;&#x64A;&#x628;&#x631; &#x641;&#x649; &#x645;&#x635;&#x631; : </subfield>
    <subfield code="b">&#x627;&#x644;&#x645;&#x648;&#x627;&#x62C;&#x647;&#x629; &#x627;&#x644;&#x62F;&#x631;&#x627;&#x645;&#x64A;&#x629; &#x645;&#x639; &#x628;&#x648;&#x646;&#x627;&#x628;&#x631;&#x62A; / </subfield>
    <subfield code="c">&#x644;&#x648;&#x631;&#x646;&#x633;&#x60C; &#x647;&#x646;&#x631;&#x649;</subfield>
  </datafield>
  <datafield tag="250" ind1=" " ind2=" ">
    <subfield code="a">&#x627;&#x644;&#x627;&#x648;&#x644;&#x649;</subfield>
  </datafield>
  <datafield tag="260" ind1=" " ind2=" ">
    <subfield code="a">&#x627;&#x644;&#x642;&#x627;&#x647;&#x631;&#x629; : </subfield>
    <subfield code="b">&#x62F;&#x627;&#x631; &#x634;&#x631;&#x642;&#x64A;&#x627;&#x62A; &#x644;&#x644;&#x646;&#x634;&#x631; &#x60C; </subfield>
    <subfield code="c">1999</subfield>
  </datafield>
  <datafield tag="300" ind1=" " ind2=" ">
    <subfield code="a">146 &#x635; &#x61B; </subfield>
    <subfield code="c">10 &#x633;&#x645;</subfield>
  </datafield>
  <datafield tag="650" ind1="0" ind2="4">
    <subfield code="a">&#x643;&#x644;&#x64A;&#x628;&#x631;</subfield>
  </datafield>
  <datafield tag="650" ind1="0" ind2="4">
    <subfield code="a">&#x645;&#x635;&#x631; - &#x62A;&#x627;&#x631;&#x64A;&#x62E; - &#x627;&#x644;&#x62D;&#x645;&#x644;&#x629; &#x627;&#x644;&#x641;&#x631;&#x646;&#x633;&#x64A;&#x629; (1798-1801&#x645;)</subfield>
  </datafield>
  <datafield tag="650" ind1="0" ind2="4">
    <subfield code="a">&#x62D;&#x645;&#x644;&#x629; &#x627;&#x644;&#x634;&#x627;&#x645;</subfield>
  </datafield>
  <datafield tag="942" ind1=" " ind2=" ">
    <subfield code="2">ddc</subfield>
    <subfield code="c">BK</subfield>
  </datafield>
  <datafield tag="999" ind1=" " ind2=" ">
    <subfield code="c">5593</subfield>
    <subfield code="d">5593</subfield>
  </datafield>
  <datafield tag="952" ind1=" " ind2=" ">
    <subfield code="0">0</subfield>
    <subfield code="1">0</subfield>
    <subfield code="2">ddc</subfield>
    <subfield code="4">0</subfield>
    <subfield code="7">0</subfield>
    <subfield code="a">CAI</subfield>
    <subfield code="b">CAI</subfield>
    <subfield code="d">2014-03-26</subfield>
    <subfield code="l">0</subfield>
    <subfield code="o">962.02 &#x642;/&#x644; &#x643;</subfield>
    <subfield code="p">11926</subfield>
    <subfield code="r">2014-03-26 00:00:00</subfield>
    <subfield code="w">2014-03-26</subfield>
    <subfield code="y">BK</subfield>
  </datafield>
  <datafield tag="952" ind1=" " ind2=" ">
    <subfield code="0">0</subfield>
    <subfield code="1">0</subfield>
    <subfield code="2">ddc</subfield>
    <subfield code="4">0</subfield>
    <subfield code="7">0</subfield>
    <subfield code="a">CAI</subfield>
    <subfield code="b">CAI</subfield>
    <subfield code="d">2014-06-03</subfield>
    <subfield code="l">0</subfield>
    <subfield code="o">962.02 &#x642;/&#x644; &#x643;</subfield>
    <subfield code="p">158645</subfield>
    <subfield code="r">2014-06-03 00:00:00</subfield>
    <subfield code="w">2014-06-03</subfield>
    <subfield code="y">BK</subfield>
  </datafield>
</record>
